<?xml version="1.0" encoding="UTF-8"?>
<record
    xmlns:xsi="http://www.w3.org/2001/XMLSchema-instance"
    xsi:schemaLocation="http://www.loc.gov/MARC21/slim http://www.loc.gov/standards/marcxml/schema/MARC21slim.xsd"
    xmlns="http://www.loc.gov/MARC21/slim">

  <leader>00400nam a2200157Ia 4500</leader>
  <controlfield tag="008">220803s9999    xx            000 0 und d</controlfield>
  <datafield tag="020" ind1=" " ind2=" ">
    <subfield code="a">9781908967572</subfield>
  </datafield>
  <datafield tag="041" ind1=" " ind2=" ">
    <subfield code="a">eng</subfield>
  </datafield>
  <datafield tag="082" ind1=" " ind2=" ">
    <subfield code="a">712 TSC</subfield>
  </datafield>
  <datafield tag="100" ind1=" " ind2=" ">
    <subfield code="a">Tschumi B.</subfield>
    <subfield code="9">26494</subfield>
  </datafield>
  <datafield tag="245" ind1=" " ind2=" ">
    <subfield code="a">Notations : Diagrams And Sequences.</subfield>
  </datafield>
  <datafield tag="260" ind1=" " ind2=" ">
    <subfield code="a">London</subfield>
    <subfield code="b">Artifice Books </subfield>
    <subfield code="c">2014</subfield>
  </datafield>
  <datafield tag="300" ind1=" " ind2=" ">
    <subfield code="a">304p</subfield>
  </datafield>
  <datafield tag="500" ind1=" " ind2=" ">
    <subfield code="a">30</subfield>
  </datafield>
  <datafield tag="650" ind1=" " ind2=" ">
    <subfield code="a">Landscape Architecture</subfield>
    <subfield code="9">26495</subfield>
  </datafield>
  <datafield tag="999" ind1=" " ind2=" ">
    <subfield code="c">16951</subfield>
    <subfield code="d">16951</subfield>
  </datafield>
  <datafield tag="952" ind1=" " ind2=" ">
    <subfield code="0">0</subfield>
    <subfield code="1">0</subfield>
    <subfield code="4">0</subfield>
    <subfield code="7">0</subfield>
    <subfield code="a">BNCA</subfield>
    <subfield code="b">BNCA</subfield>
    <subfield code="c">DL</subfield>
    <subfield code="d">2018-11-13</subfield>
    <subfield code="e">Word Book Shop</subfield>
    <subfield code="g">3058.14</subfield>
    <subfield code="o">720.22 TSC</subfield>
    <subfield code="p">BNCA-BK-10882</subfield>
    <subfield code="r">2022-08-03 00:00:00</subfield>
    <subfield code="v">3088.14</subfield>
    <subfield code="w">2018-11-03</subfield>
    <subfield code="y">RF</subfield>
    <subfield code="z">B10882</subfield>
  </datafield>
  <datafield tag="952" ind1=" " ind2=" ">
    <subfield code="0">0</subfield>
    <subfield code="1">0</subfield>
    <subfield code="4">0</subfield>
    <subfield code="7">0</subfield>
    <subfield code="8">Book of B Arch</subfield>
    <subfield code="a">BNCA</subfield>
    <subfield code="b">BNCA</subfield>
    <subfield code="d">2022-03-16</subfield>
    <subfield code="e">Amazon</subfield>
    <subfield code="g">2675.00</subfield>
    <subfield code="o">720.22 TSC</subfield>
    <subfield code="p">BNCA-BK-11816</subfield>
    <subfield code="r">2022-08-03 00:00:00</subfield>
    <subfield code="v">2675.00</subfield>
    <subfield code="w">2022-03-01</subfield>
    <subfield code="y">RF</subfield>
    <subfield code="z">B11816</subfield>
  </datafield>
</record>
